000 00541nam a2200181 i 4500
001 89718
003 ES-MaACL
005 20230906180244.0
007 t|
008 050112s1934 fr ||||1| fre d
100 1 _aLawrence, D.H. (
_d1885-1930)
_970743
245 1 0 _aDéfense de Lady Chatterley /
_cD.H. Lawrence ; traduit par J. Benoist-Mechin.
250 _a26ème éd.
260 _aParis :
_bGallimard,
_c1934 (
_fPaul Dupont)
300 _a158 p. ;
_c19 cm.
700 1 _aBenoist-Mechin, Jacques.
_927750
852 _aES-MaACL
_jA-2765
999 _c89718
_d89718